[Event "ICS Rated blitz match"]
[Site "204.178.125.65"]
[Date "1999.10.18"]
[Round "?"]
[White "Hossa"]
[Black "Beadle"]
[Result "1/2-1/2"]
[WhiteElo "2449"]
[BlackElo "2533"]
[PlyCount "55"]
[EventDate "1999.??.??"]

1. d4 d5 2. c4 e6 3. Nc3 Nf6 4. Bg5 Be7 5. e3 O-O 6. Rc1 Nc6 7. Nf3 Ne4 8. Bxe7
Qxe7 9. Bd3 Nxc3 10. bxc3 b6 11. cxd5 exd5 12. c4 Be6 13. O-O Nb4 14. cxd5 Bxd5
15. Bc4 Kh8 16. Bxd5 Nxd5 17. Qb3 Rad8 18. Ne5 Rd6 19. Nc6 Qd7 20. Qc4 Qf5 21.
Nxa7 Rg6 22. Kh1 Rxg2 23. Kxg2 Qg4+ 24. Kh1 Qf3+ 25. Kg1 Qg4+ 26. Kh1 Qf3+ 27.
Kg1 Qg4+ 28. Kh1 {Game drawn by repetition} 1/2-1/2

[Event "ICS Rated blitz match"]
[Site "204.178.125.65"]
[Date "1999.09.21"]
[Round "?"]
[White "Hossa"]
[Black "Beadle"]
[Result "0-1"]
[WhiteElo "2309"]
[BlackElo "2475"]
[PlyCount "77"]
[EventDate "1999.??.??"]

1. e4 Nc6 2. d4 d5 3. exd5 Qxd5 4. Be3 e5 5. c4 Qa5+ 6. Bd2 Bb4 7. d5 Nd4 8.
Nc3 Bf5 9. Rc1 Nf6 10. Nf3 Bg4 11. Be2 Bxf3 12. Bxf3 O-O 13. O-O Rfe8 14. Re1
Rad8 15. Bg5 Rd6 16. Bh5 Qb6 17. a3 Bxc3 18. bxc3 Nf5 19. Qa4 Qa6 20. Bd1 Nd7
21. Qxa6 Rxa6 22. Rb1 Nd6 23. Bc1 Nc5 24. Bc2 Nxc4 25. Rb4 Nxa3 26. Bxa3 Rxa3
27. Rb5 Rxc3 28. Bb1 e4 29. Ra5 a6 30. h4 Re5 31. Ba2 b6 32. d6 bxa5 33. dxc7
Nd7 34. Rd1 Rxc7 35. Rxd7 Rxd7 36. Bc4 Rc5 37. Bf1 a4 38. Bxa6 a3 39. Be2 {
Hossa resigns} 0-1

[Event "ICS Rated blitz match"]
[Site "204.178.125.65"]
[Date "1999.10.05"]
[Round "?"]
[White "Hossa"]
[Black "Beadle"]
[Result "1-0"]
[WhiteElo "2441"]
[BlackElo "2448"]
[PlyCount "107"]
[EventDate "1999.??.??"]

1. d4 Nf6 2. c4 e6 3. Nf3 b6 4. Bg5 Bb7 5. e3 h6 6. Bxf6 Qxf6 7. Be2 Qg6 8. O-O
Bd6 9. Nc3 Na6 10. Nb5 O-O 11. Nxd6 cxd6 12. Qb3 Nc7 13. Rfd1 Be4 14. Qb4 d5
15. Qd6 Ne8 16. Qxd7 Nf6 17. Qb5 dxc4 18. Rdc1 Bd5 19. Ne1 a6 20. Qxb6 Rfb8 21.
Qc7 Rxb2 22. Bxc4 a5 23. Bxd5 Nxd5 24. Qc6 Rab8 25. Qd7 Kh7 26. a4 R8b3 27. Qc8
Qg4 28. Rc2 Rb1 29. Rxb1 Rxb1 30. Rc1 Rb2 31. Qc4 Qg6 32. Qd3 Qxd3 33. Nxd3 Rd2
34. Ne5 f6 35. Nd7 e5 36. dxe5 Nc3 37. Kf1 Ne4 38. Rc4 Nxf2 39. e6 Nd3 40. Nc5
Rf2+ 41. Kg1 Rd2 42. h3 Ne1 43. e7 Rxg2+ 44. Kf1 Rg5 45. e8=Q Ng2 46. Nd7 Nxe3+
47. Qxe3 Rf5+ 48. Ke1 Rg5 49. Rc7 Rg6 50. Nf8+ Kh8 51. Nxg6+ Kh7 52. Qe8 h5 53.
Ne7 f5 54. Qxh5# {Beadle checkmated} 1-0

[Event "ICS Rated blitz match"]
[Site "204.178.125.65"]
[Date "1999.09.15"]
[Round "?"]
[White "Hossa"]
[Black "Beadle"]
[Result "1-0"]
[WhiteElo "2385"]
[BlackElo "2489"]
[PlyCount "129"]
[EventDate "1999.??.??"]

1. d4 d5 2. c4 dxc4 3. Nf3 Nf6 4. e3 b5 5. a4 c6 6. axb5 cxb5 7. b3 a5 8. bxc4
b4 9. Nbd2 e6 10. Bd3 Bb7 11. O-O Nbd7 12. Re1 Bd6 13. c5 Bc7 14. Bb5 Ba6 15.
Ba4 O-O 16. e4 Bd3 17. Re3 Ba6 18. Rb3 Nxc5 19. dxc5 Nxe4 20. Qc2 Nc3 21. Rxc3
bxc3 22. Qxc3 Qd3 23. Bb2 Qg6 24. Ne5 Bxe5 25. Qxe5 Rfd8 26. Rd1 Rd5 27. Qe3
Rad8 28. f3 Rg5 29. Qf2 Bd3 30. Nc4 Rdd5 31. f4 Bxc4 32. fxg5 Qxg5 33. c6 Qe7
34. Qb6 Qd6 35. Rxd5 Bxd5 36. Qxa5 Qf8 37. c7 Bb7 38. Bd7 Qe7 39. Qb5 Qh4 40.
Bc3 Qe4 41. Qxb7 Qe3+ 42. Kf1 Qd3+ 43. Kf2 Qc2+ 44. Kf3 Qxc3+ 45. Kg4 Qd4+ 46.
Kh3 Qe3+ 47. g3 Qh6+ 48. Kg4 Qg6+ 49. Kf4 Qf5+ 50. Ke3 Qe5+ 51. Qe4 Qc3+ 52.
Ke2 Qb2+ 53. Kf3 Qa3+ 54. Kg2 Qa2+ 55. Kh3 Qa6 56. c8=Q+ Qxc8 57. Bxc8 g6 58.
Bxe6 fxe6 59. Qxe6+ Kg7 60. Qe7+ Kg8 61. Kg4 h6 62. Kf4 h5 63. Kg5 Kh8 64. Kh6
h4 65. Qe8# {Beadle checkmated} 1-0

[Event "ICS Rated blitz match"]
[Site "204.178.125.65"]
[Date "1999.10.09"]
[Round "?"]
[White "Hossa"]
[Black "Botman"]
[Result "1/2-1/2"]
[WhiteElo "2429"]
[BlackElo "2375"]
[PlyCount "105"]
[EventDate "1999.??.??"]

1. d4 d5 2. c4 e6 3. cxd5 exd5 4. Nc3 c6 5. Nf3 Bf5 6. Bf4 Nf6 7. e3 Be7 8. Be2
O-O 9. O-O Nh5 10. Nh4 Bxh4 11. Bxh5 Nd7 12. Bd6 Re8 13. Rc1 Nf6 14. Be5 Nxh5
15. Qxh5 Qg5 16. Qxg5 Bxg5 17. h3 Be7 18. g4 Bg6 19. f3 f6 20. Bf4 Rad8 21.
Rfd1 Rc8 22. Rd2 Bb4 23. Kg2 Rcd8 24. a3 Be7 25. Kg3 Bf8 26. a4 Bb4 27. h4 Bf7
28. Rdc2 Re6 29. Na2 Bf8 30. a5 Rc8 31. h5 a6 32. Nc3 Rd8 33. Ra1 Rde8 34. Na4
g5 35. hxg6 hxg6 36. g5 fxg5 37. Bxg5 Be7 38. Bf4 g5 39. Be5 Bg6 40. Rh2 Bb4
41. Nb6 Kf7 42. Ra4 Bd6 43. Bxd6 Rxd6 44. Ra3 Rde6 45. Kf2 R8e7 46. Rc3 Bf5 47.
Rh5 Kg6 48. Rh1 Kf7 49. Nc8 Re8 50. Nb6 R8e7 51. Nc8 Re8 52. Nb6 R8e7 53. Nc8 {
Game drawn by repetition} 1/2-1/2

[Event "ICS Rated blitz match"]
[Site "204.178.125.65"]
[Date "1999.09.22"]
[Round "?"]
[White "Hossa"]
[Black "BugChess"]
[Result "1-0"]
[WhiteElo "1964"]
[BlackElo "2221"]
[PlyCount "24"]
[EventDate "1999.??.??"]

1. d4 g6 2. e4 d6 3. Bb5+ c6 4. Bc4 d5 5. exd5 cxd5 6. Bb3 Nc6 7. Ne2 e5 8. O-O
exd4 9. Bxd5 Qxd5 10. Re1 Nf6 11. Nf4+ Qe5 12. Rxe5+ 12... Nxe5 {
BugChess resigns} 1-0

[Event "ICS Rated blitz match"]
[Site "204.178.125.65"]
[Date "1999.09.28"]
[Round "?"]
[White "Hossa"]
[Black "BugChess"]
[Result "1-0"]
[WhiteElo "2392"]
[BlackElo "2154"]
[PlyCount "83"]
[EventDate "1999.??.??"]

1. e4 d5 2. exd5 Qxd5 3. Nc3 Qa5 4. d4 Nf6 5. Nf3 Nc6 6. Bd2 a6 7. Bc4 Qh5 8.
Ne2 b5 9. Nf4 Qg4 10. Bd3 g5 11. h3 Qd7 12. Ne2 h6 13. h4 gxh4 14. Ne5 Qd6 15.
Nxc6 Qxc6 16. Nf4 h3 17. Rg1 hxg2 18. Rxg2 Qb6 19. Bb4 Bb7 20. Rg1 c6 21. Bc5
Qc7 22. Qd2 Nd7 23. O-O-O Nxc5 24. dxc5 e5 25. Nh5 Bxc5 26. Ng7+ Kf8 27. Nf5
Bc8 28. Nxh6 Be6 29. Qg5 Bxf2 30. Rg2 Bc5 31. Nf5 Bxf5 32. Bxf5 e4 33. Qg7+ Ke7
34. Rg4 Be3+ 35. Kb1 Bf4 36. Rxf4 Qd6 37. Rxe4+ Kd8 38. Rxd6+ Kc7 39. Rxc6+
Kxc6 40. Qf6+ Kc7 41. Re7+ Kd8 42. Qd6# {BugChess checkmated} 1-0

[Event "ICS Rated blitz match"]
[Site "204.178.125.65"]
[Date "1999.10.07"]
[Round "?"]
[White "Hossa"]
[Black "BugChess"]
[Result "1-0"]
[WhiteElo "2500"]
[BlackElo "2245"]
[PlyCount "205"]
[EventDate "1999.??.??"]

1. e4 c5 2. Nf3 e6 3. d4 cxd4 4. Nxd4 a6 5. Bd3 Bc5 6. Nb3 Be7 7. O-O Qc7 8.
N1d2 Nf6 9. Re1 e5 10. Nf3 O-O 11. a4 Nc6 12. Bg5 d6 13. Qd2 Bg4 14. Re3 Rad8
15. Rd1 Rfe8 16. c3 Qb6 17. Bc4 d5 18. exd5 Rxd5 19. Bxd5 Nxd5 20. Qxd5 Rd8 21.
Nxe5 Rxd5 22. Rxd5 Be6 23. Nxc6 bxc6 24. Bxe7 cxd5 25. Bb4 g6 26. a5 Qd8 27.
Nc5 Qc8 28. f4 Qc6 29. b3 Kg7 30. Kf2 Qc7 31. Re5 Bc8 32. Ke3 d4+ 33. cxd4 Qd8
34. Bc3 Qh4 35. d5 Kh6 36. Ne4 Qxh2 37. Rg5 Qh1 38. Ke2 Qc1 39. Bd2 Qb2 40. Nd6
f6 41. Rg3 Bd7 42. f5+ Kg7 43. Re3 Kf8 44. fxg6 hxg6 45. Ne4 Bb5+ 46. Kf3 Qd4
47. Kf2 f5 48. Bc3 Qxd5 49. Bb4+ Kg7 50. Bc3+ Kf7 51. Nd2 f4 52. Re4 g5 53. Rd4
Qe6 54. Ne4 Qxb3 55. Nxg5+ Kg6 56. Ne4 Qc2+ 57. Kf3 Qe2+ 58. Kxf4 Qxg2 59. Rd6+
Kf7 60. Rd2 Qf1+ 61. Ke5 Kg7 62. Rd6 Qc1 63. Kf5+ Kf7 64. Rf6+ Ke7 65. Re6+ Kd7
66. Nf6+ Kc8 67. Nd5 Qc2+ 68. Kf6 Qf2+ 69. Ke5 Qe2+ 70. Kd6 Qh2+ 71. Be5 Qh4
72. Nb6+ Kb7 73. Re7+ Qxe7+ 74. Kxe7 Be2 75. Kd6 Bf1 76. Nd7 Ka7 77. Kd5 Bg2+
78. Kc5 Bb7 79. Kd4 Bf3 80. Nc5 Bg4 81. Ke3 Bc8 82. Bc7 Ka8 83. Kf3 Ka7 84. Ke4
Ka8 85. Bb6 Kb8 86. Kd5 Bb7+ 87. Kd6 Bc8 88. Bc7+ Ka7 89. Kc6 Ka8 90. Kb6 Bb7
91. Bb8 Kxb8 92. Nxb7 Ka8 93. Nc5 Kb8 94. Nxa6+ Kc8 95. Nc5 Kd8 96. a6 Ke8 97.
a7 Kf8 98. a8=Q+ Kf7 99. Qc6 Kg7 100. Qe6 Kh8 101. Qe7 Kg8 102. Ne6 Kh8 103.
Qg7# {BugChess checkmated} 1-0

[Event "ICS Rated blitz match"]
[Site "204.178.125.65"]
[Date "1999.09.28"]
[Round "?"]
[White "Hossa"]
[Black "BugChess"]
[Result "1-0"]
[WhiteElo "2378"]
[BlackElo "2168"]
[PlyCount "101"]
[EventDate "1999.??.??"]

1. e4 Nf6 2. e5 Nd5 3. c4 Nb6 4. d4 e6 5. c5 Nd5 6. Nf3 b6 7. cxb6 cxb6 8. Bc4
Bb7 9. O-O Nc6 10. Bxd5 exd5 11. Bg5 Be7 12. Bxe7 Nxe7 13. Nc3 d6 14. Qa4+ Bc6
15. Qb4 dxe5 16. Nxe5 a5 17. Qb3 Qc7 18. Rfe1 Rd8 19. Rac1 Qb7 20. Nxc6 Qxc6
21. Na4 Qd6 22. Qxb6 Qb4 23. Qxb4 axb4 24. Nc5 Rc8 25. Nd3 Rxc1 26. Rxc1 b3 27.
axb3 O-O 28. g4 Rc8 29. Rxc8+ Nxc8 30. f3 Ne7 31. Kf2 f5 32. Nf4 g6 33. g5 Nc6
34. Ke3 Nb4 35. Kd2 Kf7 36. Nd3 Nxd3 37. Kxd3 Ke7 38. b4 f4 39. Kc3 Ke6 40. b5
Kd6 41. Kb4 Kc7 42. Kc5 Kc8 43. Kc6 Kd8 44. b6 h5 45. b7 Ke8 46. b8=Q+ Kf7 47.
Kd7 Kg7 48. Ke7 h4 49. Qf8+ Kh7 50. Kf6 h3 51. Qg7# {BugChess checkmated} 1-0

[Event "ICS Rated blitz match"]
[Site "204.178.125.65"]
[Date "1999.09.28"]
[Round "?"]
[White "Hossa"]
[Black "BugChess"]
[Result "1-0"]
[WhiteElo "2500"]
[BlackElo "2176"]
[PlyCount "95"]
[EventDate "1999.??.??"]

1. d4 Nf6 2. c4 d6 3. Nc3 Nbd7 4. e4 g6 5. Bd3 Bg7 6. Nf3 e5 7. O-O exd4 8.
Nxd4 Nc5 9. Bc2 Bg4 10. f3 Bd7 11. Be3 b6 12. b4 Na6 13. b5 Nb4 14. Ba4 Be6 15.
Nxe6 fxe6 16. a3 Nd7 17. Bd4 e5 18. Be3 Nd3 19. Qxd3 Bf6 20. Qd5 Rb8 21. Rad1
Be7 22. Qe6 Nf8 23. Qh3 Ra8 24. f4 Nd7 25. Qe6 Nf8 26. Qd5 Nd7 27. fxe5 Nxe5
28. Bd4 Rf8 29. Bxe5 Qb8 30. Qc6+ Kd8 31. Rxf8+ Bxf8 32. Nd5 Be7 33. Nxc7 Qxc7
34. Qxa8+ Kd7 35. Qc6+ Qxc6 36. bxc6+ Kc7 37. Bd4 d5 38. cxd5 Bxa3 39. Be5+ Bd6
40. Bxd6+ Kxd6 41. e5+ Kxe5 42. c7 b5 43. Bxb5 a6 44. Bxa6 Kf6 45. c8=Q Ke7 46.
Qc7+ Kf8 47. Rb1 h6 48. Rb8# {BugChess checkmated} 1-0

[Event "ICS Rated blitz match"]
[Site "204.178.125.65"]
[Date "1999.09.23"]
[Round "?"]
[White "Hossa"]
[Black "Burgsvik"]
[Result "1-0"]
[WhiteElo "2369"]
[BlackElo "2117"]
[PlyCount "45"]
[EventDate "1999.??.??"]

1. e4 c5 2. Nf3 Nc6 3. d4 cxd4 4. Nxd4 e5 5. Nb5 d6 6. Bc4 Nf6 7. Bg5 Be7 8.
Bxf6 gxf6 9. O-O a6 10. N5c3 b5 11. Bd5 Qd7 12. a4 Bb7 13. axb5 axb5 14. Rxa8+
Bxa8 15. Nxb5 O-O 16. N1c3 Kh8 17. Qd2 Rg8 18. Ra1 Qh3 19. f3 Nd4 20. Kh1 Nxf3
21. gxh3 Nxd2 22. Rxa8 Rxa8 23. Bxa8 {Burgsvik resigns} 1-0

[Event "ICS Rated blitz match"]
[Site "204.178.125.65"]
[Date "1999.08.27"]
[Round "?"]
[White "Hossa"]
[Black "Byzantine"]
[Result "1-0"]
[WhiteElo "2379"]
[BlackElo "2024"]
[PlyCount "59"]
[EventDate "1999.??.??"]

1. d4 d5 2. c4 e6 3. Nc3 c5 4. cxd5 exd5 5. dxc5 d4 6. Na4 b5 7. cxb6 axb6 8.
b3 b5 9. Nb2 Nc6 10. Nd3 Bf5 11. Nf3 Nf6 12. Bg5 Be7 13. Rc1 Nb4 14. Nde5 Nxa2
15. Nc6 Bb4+ 16. Nxb4 Nxc1 17. Nc6 Qd6 18. Qxc1 O-O 19. Ncxd4 Bd7 20. Bxf6 Qxf6
21. e3 b4 22. Bd3 Bg4 23. O-O Bxf3 24. Nxf3 Qc3 25. Qxc3 bxc3 26. Rc1 Rfc8 27.
Bc4 c2 28. g3 Ra2 29. Nd4 Rb2 30. Rxc2 {Byzantine resigns} 1-0

[Event "ICS Rated blitz match"]
[Site "204.178.125.65"]
[Date "1999.10.08"]
[Round "?"]
[White "Hossa"]
[Black "Carsi"]
[Result "1-0"]
[WhiteElo "2410"]
[BlackElo "2256"]
[PlyCount "177"]
[EventDate "1999.??.??"]

1. e4 c5 2. Nf3 d6 3. Nc3 Nf6 4. Bc4 e6 5. O-O Be7 6. Re1 Nc6 7. d4 cxd4 8.
Nxd4 O-O 9. Be3 a6 10. Qe2 Bd7 11. Rad1 b5 12. Bd3 Rc8 13. Nxc6 Bxc6 14. e5 Nd5
15. Nxd5 Bxd5 16. Bf4 dxe5 17. Bxe5 Bf6 18. Qh5 g6 19. Qh6 Bxe5 20. Rxe5 Qf6
21. f4 Qg7 22. Qxg7+ Kxg7 23. a4 Rb8 24. axb5 axb5 25. Re2 Rfc8 26. Red2 Kf6
27. h3 h5 28. g3 b4 29. Rc1 Rc5 30. c4 bxc3 31. bxc3 Rbc8 32. c4 Bb7 33. Rb2
R5c7 34. c5 Bc6 35. Kf2 Rd8 36. Ke3 Ke7 37. Be4 Bxe4 38. Kxe4 Rd5 39. c6 Kd6
40. Rbc2 Ra5 41. Ke3 Ra3+ 42. Kf2 Ra6 43. Rd1+ Ke7 44. Rdc1 Kd6 45. Rd1+ Ke7
46. Rdc1 Ra3 47. Kg2 Kf6 48. Rc3 Ra2+ 49. Kf3 Rh2 50. R3c2 Rxc2 51. Rxc2 Ke7
52. g4 hxg4+ 53. Kxg4 f6 54. Kf3 Kd6 55. Rg2 Rg7 56. h4 Kxc6 57. h5 g5 58. h6
Rh7 59. fxg5 fxg5 60. Rxg5 Rxh6 61. Rg4 Kd6 62. Rg3 Ke7 63. Rg2 Rf6+ 64. Ke4
Rf8 65. Rh2 Rf7 66. Rh1 Rg7 67. Rf1 Rg4+ 68. Kf3 Ra4 69. Rg1 e5 70. Rh1 Ke6 71.
Rg1 Kd5 72. Rh1 Ra3+ 73. Kg2 e4 74. Rg1 Kd4 75. Rh1 Ra2+ 76. Kg3 Ke3 77. Rf1
Ke2 78. Rf2+ Ke3 79. Rxa2 Kd4 80. Kf4 e3 81. Re2 Kd3 82. Rxe3+ Kd4 83. Re5 Kc4
84. Ke3 Kc3 85. Re4 Kb3 86. Kd2 Kb2 87. Re3 Ka2 88. Kc2 Ka1 89. Ra3# {
Carsi checkmated} 1-0

[Event "ICS Rated blitz match"]
[Site "204.178.125.65"]
[Date "1999.08.27"]
[Round "?"]
[White "Hossa"]
[Black "ChrisDemers"]
[Result "1-0"]
[WhiteElo "2317"]
[BlackElo "2135"]
[PlyCount "51"]
[EventDate "1999.??.??"]

1. Nf3 e6 2. d4 Nf6 3. Bg5 Be7 4. e3 d6 5. Bb5+ Bd7 6. Bxd7+ Qxd7 7. O-O O-O 8.
c4 h6 9. Bh4 Nc6 10. Bxf6 Bxf6 11. Nc3 e5 12. Nd5 Qd8 13. Re1 g6 14. Qb3 Rb8
15. Nxf6+ Qxf6 16. d5 Ne7 17. e4 Qf4 18. Qa3 a6 19. c5 Rfd8 20. Rac1 f5 21. g3
Qg4 22. cxd6 cxd6 23. Nxe5 dxe5 24. Qxe7 Re8 25. Qf6 Rbc8 26. Rxc8 {
ChrisDemers resigns} 1-0

[Event "ICS Rated blitz match"]
[Site "204.178.125.65"]
[Date "1999.10.06"]
[Round "?"]
[White "Hossa"]
[Black "Diepeveen"]
[Result "1/2-1/2"]
[WhiteElo "2526"]
[BlackElo "2348"]
[PlyCount "143"]
[EventDate "1999.??.??"]

1. e4 c5 2. Nf3 Nc6 3. Bb5 g6 4. d3 Bg7 5. O-O Nf6 6. Bg5 O-O 7. Re1 h6 8. Bxf6
Bxf6 9. Nc3 Bg7 10. Bxc6 dxc6 11. Qd2 Kh7 12. Na4 b6 13. Qf4 Qd6 14. e5 Qe6 15.
Re4 Qf5 16. Qh4 g5 17. Qg3 Qg6 18. Nc3 Bf5 19. Ra4 Rfd8 20. Nd1 Be6 21. Ne3 a5
22. Rd1 c4 23. d4 b5 24. Ra3 b4 25. Ra4 c5 26. b3 c3 27. h4 g4 28. d5 gxf3 29.
Qxg6+ fxg6 30. dxe6 Rxd1+ 31. Nxd1 Bxe5 32. Ne3 Kg7 33. gxf3 Kf6 34. Nc4 Bc7
35. Kg2 Kxe6 36. a3 Kd5 37. Kf1 Kc6 38. axb4 cxb4 39. Ra1 Kb5 40. Ne3 Rd8 41.
Rd1 Rxd1+ 42. Nxd1 a4 43. bxa4+ Kxa4 44. Ke2 Be5 45. f4 Bxf4 46. Kd3 Be5 47.
Ne3 Bg7 48. Nd5 Ka3 49. Nf4 b3 50. cxb3 Kxb3 51. Ke3 c2 52. Nd3 h5 53. Kd2 Bc3+
54. Kc1 Bf6 55. Nc5+ Kc3 56. Ne4+ Kd3 57. Nc5+ Ke2 58. f4 Kf3 59. Nd3 Bxh4 60.
Ne5+ Kxf4 61. Nxg6+ Kg4 62. Kxc2 Bf6 63. Kd2 Kg3 64. Ke2 h4 65. Kf1 h3 66. Kg1
h2+ 67. Kh1 e6 68. Nf8 e5 69. Nd7 e4 70. Nxf6 e3 71. Nh5+ Kf3 72. Ng3 {
Diepeveen ran out of time and Hossa has no material to mate} 1/2-1/2

[Event "ICS Rated blitz match"]
[Site "204.178.125.65"]
[Date "1999.10.06"]
[Round "?"]
[White "Hossa"]
[Black "Diepeveen"]
[Result "1-0"]
[WhiteElo "2507"]
[BlackElo "2367"]
[PlyCount "73"]
[EventDate "1999.??.??"]

1. e4 c5 2. Nf3 Nc6 3. Bb5 g6 4. d3 Bg7 5. O-O Nf6 6. Bg5 O-O 7. Nc3 d6 8. Bxc6
bxc6 9. e5 Ne8 10. exd6 Nxd6 11. Re1 Re8 12. Qe2 Ba6 13. Bxe7 Qd7 14. Na4 Nb7
15. Ng5 h6 16. Qe3 hxg5 17. Qxg5 Qd5 18. Qg3 Qd7 19. Qg5 Rac8 20. Re3 Qd5 21.
Qh4 Rc7 22. Bxc5 Rxe3 23. Bxe3 c5 24. Nc3 Qd7 25. Bh6 Qd4 26. Qh3 Nd6 27. Bxg7
Qxg7 28. Qh4 Qf8 29. Nd5 Rb7 30. Qf6 Ne8 31. Qxa6 Rxb2 32. Qxa7 Rxc2 33. Re1
Ng7 34. Nf6+ Kh8 35. Nd7 Qe7 36. Qb8+ Kh7 37. Nf8+ {Diepeveen resigns} 1-0

[Event "ICS Rated blitz match"]
[Site "204.178.125.65"]
[Date "1999.09.22"]
[Round "?"]
[White "Hossa"]
[Black "Dobieman"]
[Result "1-0"]
[WhiteElo "1856"]
[BlackElo "1520"]
[PlyCount "81"]
[EventDate "1999.??.??"]

1. c4 Nf6 2. Nf3 g6 3. d4 Bg7 4. Nc3 O-O 5. Bg5 d6 6. e3 c5 7. Be2 a6 8. O-O
Bg4 9. dxc5 dxc5 10. Ne5 Bxe2 11. Qxe2 Qc7 12. Nd3 Nbd7 13. Nd5 Nxd5 14. cxd5
Nf6 15. Bxf6 Bxf6 16. Rac1 b6 17. Qd2 Qb7 18. e4 Rad8 19. b4 cxb4 20. Nxb4 Rc8
21. Qh6 Bg7 22. Qh4 Rc7 23. Rxc7 Qxc7 24. Nc6 Bf6 25. Qg3 Qxg3 26. fxg3 Rc8 27.
Rxf6 exf6 28. Ne7+ Kf8 29. Nxc8 b5 30. Kf2 Ke8 31. Ke3 Kd7 32. Na7 Kc7 33. g4
Kd6 34. Kd4 f5 35. gxf5 gxf5 36. exf5 f6 37. g4 Kc7 38. Nc6 Kd6 39. g5 fxg5 40.
f6 Kd7 41. f7 {Dobieman resigns} 1-0

[Event "ICS Rated blitz match"]
[Site "204.178.125.65"]
[Date "1999.08.28"]
[Round "?"]
[White "Hossa"]
[Black "DrHugoELO"]
[Result "1-0"]
[WhiteElo "2437"]
[BlackElo "2220"]
[PlyCount "109"]
[EventDate "1999.??.??"]

1. Nf3 c6 2. d4 d5 3. Bg5 Bf5 4. e3 Nd7 5. Nh4 Be4 6. f3 h6 7. fxe4 hxg5 8. Nf5
dxe4 9. Ng3 Ngf6 10. Nd2 Qb6 11. Ngxe4 g4 12. Nxf6+ Nxf6 13. Nc4 Qc7 14. Ne5 e6
15. Nxg4 Nxg4 16. Qxg4 Rxh2 17. Rxh2 Qxh2 18. O-O-O O-O-O 19. c4 Qh6 20. Rd3 c5
21. d5 f5 22. Qf4 Qxf4 23. exf4 exd5 24. cxd5 Bd6 25. g3 Re8 26. Kd2 Kc7 27.
Re3 Rxe3 28. Kxe3 a6 29. Bd3 g6 30. Kf3 b5 31. g4 c4 32. Bc2 fxg4+ 33. Kxg4 Kb6
34. Bxg6 Kc5 35. Bf7 b4 36. Kf3 Kd4 37. f5 Kd3 38. f6 Be5 39. Bg6+ Kd2 40. f7
Bd6 41. Kg4 c3 42. bxc3 bxc3 43. Kg5 c2 44. Bxc2 Kxc2 45. Kf6 Kd3 46. Ke6 Bf8
47. d6 Kc3 48. d7 Kb2 49. d8=Q Kxa2 50. Qxf8 a5 51. Qa8 a4 52. Qxa4+ Kb2 53.
f8=Q Kc3 54. Qf2 Kd3 55. Qad4# {DrHugoELO checkmated} 1-0

[Event "ICS Rated blitz match"]
[Site "204.178.125.65"]
[Date "1999.09.13"]
[Round "?"]
[White "Hossa"]
[Black "DrHugoELO"]
[Result "1-0"]
[WhiteElo "2415"]
[BlackElo "2157"]
[PlyCount "97"]
[EventDate "1999.??.??"]

1. e4 c6 2. d4 d5 3. Nc3 dxe4 4. Nxe4 Nf6 5. Nxf6+ gxf6 6. Bd3 Bf5 7. Bxf5 Qa5+
8. Bd2 Qxf5 9. Ne2 e6 10. O-O Bd6 11. Ng3 Qg6 12. Re1 Nd7 13. Ba5 f5 14. c3 h5
15. Qf3 Be7 16. Bc7 h4 17. Nf1 Qg4 18. Qd3 Rg8 19. Ne3 Qg6 20. Kh1 Kf8 21. Qe2
Bg5 22. f4 Bd8 23. Bd6+ Kg7 24. Be5+ Kh7 25. Rad1 Nf6 26. Qf2 Ng4 27. Nxg4 fxg4
28. Re3 Qf5 29. c4 Be7 30. Rb3 b6 31. a4 Rg6 32. Kg1 Rag8 33. g3 h3 34. a5 bxa5
35. Rb7 f6 36. Rxe7+ Kh6 37. Rf7 Rd8 38. Ra1 c5 39. dxc5 Qe4 40. Bxf6 Rd3 41.
Bg5+ Rxg5 42. fxg5+ Kh5 43. Rf4 Qe3 44. Re1 Qxf2+ 45. Rxf2 Kxg5 46. Rfe2 Rb3
47. c6 Rb8 48. Rxe6 Rxb2 49. R1e5# {DrHugoELO checkmated} 1-0

[Event "ICS Rated blitz match"]
[Site "204.178.125.65"]
[Date "1999.09.03"]
[Round "?"]
[White "Hossa"]
[Black "Esen"]
[Result "1/2-1/2"]
[WhiteElo "2553"]
[BlackElo "2084"]
[PlyCount "253"]
[EventDate "1999.??.??"]

1. d4 Nf6 2. c4 e6 3. Nc3 Bb4 4. Bg5 Bxc3+ 5. bxc3 h6 6. Bxf6 Qxf6 7. e4 d6 8.
a3 O-O 9. Bd3 e5 10. Ne2 Nc6 11. d5 Na5 12. O-O b6 13. Qa4 Qe7 14. Rab1 Nb7 15.
Qc6 Rb8 16. Ng3 Nc5 17. Bc2 Qd7 18. Qxd7 Bxd7 19. Rb2 a5 20. f3 f6 21. Rfb1
Rbd8 22. Kf2 Ra8 23. Ke2 g5 24. Ke3 Kf7 25. Kd2 Kg6 26. Rh1 Rh8 27. h4 Kf7 28.
Ne2 Rag8 29. h5 Ra8 30. g4 Ra7 31. Rhb1 Raa8 32. Nc1 Ra7 33. Ke3 Raa8 34. Nd3
Nxd3 35. Bxd3 Ra7 36. Kd2 Raa8 37. Ke1 Ke7 38. Kf2 Rhd8 39. Ke3 Ra7 40. Kd2
Raa8 41. Ke2 Ra7 42. Ke3 Raa8 43. Kf2 Ra7 44. Be2 Raa8 45. Kg3 Ra7 46. Kg2 Raa8
47. Kf1 Ra7 48. Ke1 Raa8 49. Kd1 Ra7 50. Bd3 Raa8 51. Kc2 Rac8 52. Kc1 Ra8 53.
Be2 Rac8 54. Kc2 Ra8 55. Kd2 Rac8 56. Bd1 Ra8 57. Ke3 Rac8 58. Bc2 Ra8 59. Ke2
Rac8 60. Bd3 Ra8 61. Kf1 Rac8 62. Ke1 Ra8 63. Bc2 Rac8 64. Kf2 Ra8 65. Kg1 Rac8
66. Bd3 Ra8 67. Kh2 Rac8 68. Kg3 Ra8 69. Kg2 Rac8 70. Kh3 Ra8 71. Kg3 Rac8 72.
Be2 Ra8 73. Bd1 Rac8 74. Bc2 Ra8 75. Kg2 Rac8 76. a4 Ra8 77. Kf2 Rac8 78. Ke3
Ra8 79. Kd3 Rac8 80. Ke2 Ra8 81. Ke3 Rac8 82. Kd3 Ra8 83. Bb3 Rac8 84. Ke3 Ra8
85. Kf2 Rac8 86. Bd1 Ra8 87. Ke3 Rac8 88. Kd2 Ra8 89. Bc2 Rac8 90. Bb3 Ra8 91.
Ke3 Rac8 92. Kd3 Ra8 93. Ke2 Rac8 94. Kd1 Ra8 95. Kc2 Rac8 96. Kc1 Ra8 97. Kd2
Rac8 98. Bc2 Ra8 99. Ke2 Rac8 100. Kd1 Ra8 101. Ke1 Rac8 102. Kf2 Ra8 103. Kg3
Rac8 104. Kh3 Ra8 105. Bd1 Rac8 106. Kg3 Ra8 107. Bb3 Rac8 108. Kf2 Ra8 109.
Kg2 Rac8 110. Bd1 Ra8 111. Bc2 Rac8 112. Bb3 Ra8 113. Kf1 Rac8 114. Bc2 Ra8
115. Kg1 Rac8 116. Kh2 Ra8 117. Bb3 Rac8 118. Kg1 Ra8 119. Kh1 Rac8 120. Bc2
Ra8 121. Ra2 Rac8 122. Kh2 Ra8 123. Kg3 Rac8 124. Kf2 Ra8 125. Bd3 Rac8 126.
Raa1 Ra8 127. Ke3 {Game drawn by the 50 move rule} 1/2-1/2

[Event "ICS Rated blitz match"]
[Site "204.178.125.65"]
[Date "1999.09.23"]
[Round "?"]
[White "Hossa"]
[Black "Extreme-Force"]
[Result "1-0"]
[WhiteElo "2416"]
[BlackElo "2109"]
[PlyCount "94"]
[EventDate "1999.??.??"]

1. e4 e5 2. Nf3 d6 3. d4 Nd7 4. Bc4 c6 5. O-O Be7 6. Be3 Ngf6 7. Nbd2 O-O 8. c3
Ng4 9. Qb3 Nxe3 10. fxe3 b5 11. Bd3 Ba6 12. Kh1 Qb6 13. Rad1 Qa5 14. Qc2 Rfe8
15. b4 Qc7 16. a4 Nb6 17. Ra1 Nc4 18. Rae1 Bf6 19. axb5 cxb5 20. Bxc4 bxc4 21.
Ra1 Bb5 22. Ra5 a6 23. Kg1 Rac8 24. Ra3 Qb7 25. Ra2 exd4 26. exd4 d5 27. e5 Bd8
28. Qf5 h6 29. Rfa1 Bd7 30. Qf4 Rc6 31. Rf1 Bc7 32. Nh4 Rf6 33. Qg3 Rxf1+ 34.
Kxf1 Bd8 35. Kg1 Bg5 36. Qf2 Bg4 37. Ndf3 Bd8 38. Ra1 g5 39. h3 Bc8 40. Nxg5
hxg5 41. Nf3 f6 42. Qd2 Qf7 43. Rf1 Qg6 44. Rf2 Bb7 45. Rf1 Kg7 46. Qd1 Bc6 47.
Qa1 47... Bb6 {Extreme-Force resigns} 1-0

[Event "ICS Rated blitz match"]
[Site "204.178.125.65"]
[Date "1999.09.14"]
[Round "?"]
[White "Hossa"]
[Black "FTC"]
[Result "1-0"]
[WhiteElo "2312"]
[BlackElo "2202"]
[PlyCount "119"]
[EventDate "1999.??.??"]

1. d4 Nf6 2. c4 e6 3. Nf3 b6 4. Nc3 Bb4 5. Bg5 Bb7 6. a3 Bxc3+ 7. bxc3 h6 8.
Bxf6 Qxf6 9. Nd2 d6 10. e3 Nd7 11. f3 O-O 12. Bd3 Qg5 13. Kf2 f5 14. Re1 e5 15.
Kg1 c5 16. Qc2 Rac8 17. Qa4 Rf7 18. Qxa7 Ba8 19. Re2 cxd4 20. Qa6 Rb8 21. exd4
Rbf8 22. Rb1 Qf4 23. Qb5 e4 24. fxe4 fxe4 25. Bxe4 Bxe4 26. g3 Qg4 27. Rxe4 Qh3
28. Qd5 Kh8 29. Rh4 Qf5 30. Qxf5 Rxf5 31. Ne4 d5 32. cxd5 Rxd5 33. Nd2 Ra5 34.
Nc4 Ra4 35. Nxb6 Nxb6 36. Rxb6 Rxa3 37. c4 Ra2 38. c5 Rff2 39. d5 Rg2+ 40. Kh1
Rgd2 41. Rb1 Rxd5 42. Rc1 Ra7 43. c6 Rc7 44. Rb4 Rd6 45. Rb6 g5 46. Rb8+ Kg7
47. Rb7 Rxb7 48. cxb7 Rb6 49. Rc7+ Kf6 50. Rc6+ Rxc6 51. b8=Q Re6 52. Qb2+ Kg6
53. Kg2 Rf6 54. g4 Rf4 55. h3 Kh7 56. Qb7+ Kg6 57. Qd7 Rf6 58. Kg3 Rf7 59. Qe6+
Rf6 60. Qg8# {FTC checkmated} 1-0